000 00485nam a2200193Ia 4500
005 20240823050556.0
008 240823s9999||||xx |||||||||||||| ||und||
020 _a978 81 7371 558 0
041 _aENGLISH
082 _A610.28 P9
100 _aSarbadhikari S N
245 2 _aA Short Introduction to BIOMEDICAL ENGINEERING
250 _a1st
260 _c2009
_b"UP,Hyd"
_aHydrabad
500 _aYES
650 _aBiomedical
_bBio Medical Engg.
942 _cBK
999 _c217570
_d217570